[Event "2nd Sharjah Masters 2018"]
[Site "Sharjah"]
[Date "2018.04.14"]
[Round "4"]
[White "Al-Zaabi, Sultan"]
[Black "Tahbaz, Arash"]
[Result "0-1"]
[WhiteElo "2061"]
[BlackElo "2434"]
[Annotator "TA"]
[PlyCount "62"]
[EventDate "2018.??.??"]
[EventType "swiss"]
[EventCountry "UAE"]
[SourceTitle "playchess.com"]
[Source "ChessBase"]
[SourceQuality "1"]

{[%evp 16,62,51,24,46,-6,-19,-59,-20,-141,-33,-85,-96,-336,-203,-195,-198,-204,-189,-187,-176,-197,-176,-202,-183,-184,-183,-192,-181,-230,-210,-303,-299,-293,-291,-285,-287,-310,-272,-311,-313,-327,-328,-314,-272,-402,-404,-345,-52]} 1. d4 Nf6 2. Bf4 g6 3. Nc3 d5 4. Qd2 Bg7 5. Bh6 Bxh6 6. Qxh6 {D01: Veresov Opening} c5 (6... Bf5 7. Qd2 c5 8. e3 cxd4 9. exd4 Nc6 10. a3 Rc8 11. Nge2 O-O 12. Ng3 Bd7 13. h4 {1-0 (53) Howell,D (2676)-Demchenko,A (2660) Riadh 2017}) 7. e3 cxd4 8. exd4 Nc6 9. O-O-O {LiveBook: 3 Games} Qa5 10. Nf3 (10. Bb5 $14) 10... Bg4 $11 11. Be2 $146 ({Predecessor:} 11. Qf4 Bxf3 12. Qxf3 Ne4 13. Nxe4 dxe4 {1-0 (40) Sikorova,O (2190)-Karlik,V (2360) Trinec 1998}) 11... Ne4 $1 {[%cal Re4f2]} 12. Qe3 (12. Nxe4 $1 $11 dxe4 13. Ng1 Bxe2 14. Nxe2) 12... Nb4 (12... Rc8 $17 13. a3 Nxc3 14. Qxc3 Qxc3 15. bxc3 Na5 16. Bb5+ Kf8) 13. a3 (13. Nxe4 $15 dxe4 14. a3 (14. Qxe4 Rc8 $19) 14... Nxc2 15. Kxc2 (15. Qxe4 Nxa3 16. Bb5+ Nxb5 $19) 15... exf3 16. Bxf3 Rc8+ 17. Kb1 Bxf3 18. Qxf3) 13... Nxc3 $17 14. axb4 $2 {[#]} (14. bxc3 $17 Nc6 15. c4) 14... Nxd1 15. bxa5 Nxe3 16. fxe3 O-O 17. Kd2 Rfc8 18. c3 f6 19. Ra1 Rab8 20. h3 Bf5 21. Ne1 b6 22. a6 b5 23. Ra5 (23. b4 $142) 23... b4 $19 24. Bb5 bxc3+ 25. bxc3 Rb6 26. Nc2 Rcb8 27. Na3 h5 28. h4 Kg7 29. g3 e6 30. Kc1 (30. c4 $142 dxc4 31. Bxc4) 30... Be4 31. Kd2 Kf7 $2 {Precision: White = 21%, Black = 39%.} (31... g5 $19 32. c4 dxc4 33. hxg5 fxg5 34. Bxc4 Kf6) 0-1

[Event "2nd Sharjah Masters 2018"]
[Site "Sharjah"]
[Date "2018.04.14"]
[Round "4"]
[White "Bharath Subramaniyam H"]
[Black "Sundararajan, Kidambi"]
[Result "1/2-1/2"]
[WhiteElo "1997"]
[BlackElo "2436"]
[Annotator "TA"]
[PlyCount "70"]
[EventDate "2018.??.??"]
[EventType "swiss"]
[EventCountry "UAE"]
[SourceTitle "playchess.com"]
[Source "ChessBase"]
[SourceQuality "1"]

{[%evp 17,70,0,10,0,5,0,-10,-24,-22,-25,0,2,6,6,15,-6,13,0,12,7,16,3,27,13,17,11,11,9,36,0,0,0,0,0,0,0,16,18,34,24,61,48,50,22,48,15,39,16,32,16,16,17,18,18,17]} 1. e4 c6 2. Nc3 d5 3. Nf3 dxe4 4. Nxe4 Nf6 5. Nxf6+ exf6 6. d4 Bd6 7. Bd3 O-O 8. O-O Bg4 9. h3 Bh5 $1 {LiveBook: 18 Games. B15: Caro-Kann: 3 Nc3: 3...g6 and 3...dxe4 4 Nxe4 Nf6 5 Nxf6+ exf6} 10. Be3 (10. Be4 Re8 11. Qd3 Bg6 12. Bxg6 hxg6 13. Bd2 Nd7 {½-½ (13) Ghaem Maghami,E (2574)-Berkes,F (2648) Rasht 2017}) 10... Nd7 11. c3 {[%cal Bc2c3,Bc3c4,Bc4c5][%mdl 32]} Re8 12. g4 Bg6 13. Nh4 Bc7 $146 ({Predecessor:} 13... Bxd3 14. Qxd3 g6 {0-1 (22) Prie,E (1528)-Harris,R (1557) FICGS email 2011}) 14. Nxg6 hxg6 15. Qf3 Nb6 16. c4 Qd6 {[%csl Gc7][%cal Rd6h2] [#]} 17. Rfe1 Rad8 18. b3 Nd7 {[%cal Bb6d7,Bd7f8,Bf8e6][%mdl 32]} 19. Rad1 Nf8 20. c5 Qh2+ 21. Kf1 Ne6 22. Bc4 f5 23. Qg2 Qxg2+ 24. Kxg2 Ba5 25. Rf1 f4 26. Bc1 g5 27. Bb2 Nc7 28. a3 {[#] And now b4 would win.} Nd5 29. b4 Bc7 30. Rfe1 g6 31. Kf3 Kg7 32. Bxd5 cxd5 33. Kg2 f5 {The position is equal.} 34. f3 Kf7 35. Bc1 Rh8 {Precision: White = 56%, Black = 51%.} 1/2-1/2

[Event "2nd Sharjah Masters 2018"]
[Site "Sharjah"]
[Date "2018.04.14"]
[Round "4"]
[White "Polakhare Aryan"]
[Black "Hejazipour, Mitra"]
[Result "0-1"]
[WhiteElo "1966"]
[BlackElo "2304"]
[Annotator "NA"]
[PlyCount "108"]
[EventDate "2018.??.??"]
[EventType "swiss"]
[EventCountry "UAE"]
[SourceTitle "playchess.com"]
[Source "ChessBase"]
[SourceQuality "1"]
[TimeControl "5400+30"]

1. e4 {[%emt 0:00:00]} c5 {[%emt 0:00:35]} 2. Nf3 {[%emt 0:00:00]} d6 {[%emt 0:00:11]} 3. Nc3 {[%emt 0:00:00]} a6 {[%emt 0:03:10]} 4. Be2 {[%emt 0:00:36]} Nf6 {[%emt 0:16:42]} 5. e5 {[%emt 0:00:16]} dxe5 {[%emt 0:00:09]} 6. Nxe5 {[%emt 0:00:02]} e6 {[%emt 0:02:46]} 7. Bf3 {[%emt 0:00:28]} Qc7 {[%emt 0:04:14]} 8. d4 {[%emt 0:11:30]} cxd4 {[%emt 0:14:10]} 9. Qxd4 {[%emt 0:02:16]} Bc5 {[%emt 0:04:18]} 10. Qa4+ {[%emt 0:01:27]} Nbd7 {[%emt 0:05:18]} 11. Nd3 {[%emt 0:12:26]} O-O {[%emt 0:07:53]} 12. Nxc5 {[%emt 0:00:28]} Nxc5 {[%emt 0:00:40]} 13. Qh4 {[%emt 0:00:27]} e5 {[%emt 0:05:32]} 14. Bg5 {[%emt 0:00:45]} e4 {[%emt 0:01:03] [#]} 15. Be2 $1 {[%emt 0:03:52]} ({Wrong is} 15. Bxe4 $2 Nfxe4 16. Nxe4 Re8 $19) ({Not} 15. Nxe4 Ncxe4 16. Bxe4 Qa5+ 17. Bd2 Qe5 $17) 15... Qe5 {[%emt 0:00:49]} 16. Rd1 $16 {[%emt 0:05:14]} (16. O-O-O $142) 16... Be6 {[%emt 0:02:25]} 17. Bxf6 {[%emt 0:03:35]} gxf6 {[%emt 0:01:01]} 18. Qg3+ {[%emt 0:00:14]} Qxg3 {[%emt 0:01:29]} 19. hxg3 {[%emt 0:00:02]} f5 {[%emt 0:00:38]} 20. Nd5 {[%emt 0:01:52]} Kg7 {[%emt 0:01:54]} 21. Nf4 {[%emt 0:04:51]} Rfd8 {[%emt 0:02:36]} 22. b3 {[%emt 0:03:25]} b5 {[%emt 0:00:48]} 23. Nh5+ {[%emt 0:00:45]} Kf8 {[%emt 0:02:45]} 24. Nf6 {[%emt 0:02:09]} Ke7 {[%emt 0:01:10]} 25. Rh6 {[%emt 0:06:30]} Rxd1+ {[%emt 0:04:06]} 26. Bxd1 {[%emt 0:01:11]} b4 {[%emt 0:01:10]} 27. Nxh7 {[%emt 0:01:55]} Rg8 {[%emt 0:02:54]} 28. Nf6 {[%emt 0:01:23]} Rg6 {[%emt 0:01:30]} 29. Rxg6 {[%emt 0:00:11]} fxg6 {[%emt 0:00:04]} 30. Nh7 {[%emt 0:00:04]} Bd5 {[%emt 0:02:15]} 31. Ng5 {[%emt 0:00:18]} Kf6 {[%emt 0:00:48]} 32. Nh3 {[%emt 0:00:52]} g5 {[%emt 0:01:45]} 33. Kd2 {[%emt 0:00:40]} Ne6 {[%emt 0:01:07]} 34. c3 {[%emt 0:03:48]} a5 {[%emt 0:00:04]} 35. c4 {[%emt 0:00:28]} Bc6 {[%emt 0:00:03]} 36. Ke3 {[%emt 0:00:18]} Ke5 {[%emt 0:01:21]} 37. f4+ {[%emt 0:01:12]} exf3 {[%emt 0:00:40]} 38. gxf3 {[%emt 0:06:08]} f4+ {[%emt 0:00:21]} 39. gxf4+ {[%emt 0:00:19]} gxf4+ {[%emt 0:00:03]} 40. Kd3 {[%emt 0:00:22]} Be8 {[%emt 0:00:48]} 41. Nf2 {[%emt 0:02:43]} Bg6+ {[%emt 0:00:37]} 42. Kd2 {[%emt 0:00:01]} Kd4 {[%emt 0:00:56]} 43. Nh3 {[%emt 0:02:15]} Bb1 {[%emt 0:01:25]} 44. Kc1 {[%emt 0:00:21]} Bf5 {[%emt 0:00:25]} 45. Ng1 {[%emt 0:03:25]} Ke3 {[%emt 0:00:11]} 46. Kb2 {[%emt 0:01:53]} Nc5 {[%emt 0:02:05]} 47. a3 {[%emt 0:01:11]} Nd3+ {[%emt 0:00:37]} 48. Ka2 {[%emt 0:00:05]} Kd2 {[%emt 0:00:26]} 49. Ne2 {[%emt 0:00:44]} Nc1+ {[%emt 0:01:30]} 50. Nxc1 {[%emt 0:00:15]} Kxc1 {[%emt 0:00:23]} 51. Be2 {[%emt 0:00:21]} Kd2 {[%emt 0:00:08]} 52. axb4 {[%emt 0:00:15]} axb4 {[%emt 0:00:04]} 53. Bf1 {[%emt 0:00:33]} Ke1 {[%emt 0:00:05]} 54. c5 {[%emt 0:00:07]} Kxf1 {[%emt 0:00:06]} 0-1

[Event "2nd Sharjah Masters 2018"]
[Site "Sharjah"]
[Date "2018.04.14"]
[Round "4"]
[White "Mahitosh Dey"]
[Black "Assaubayeva, Bibisara"]
[Result "0-1"]
[WhiteElo "1913"]
[BlackElo "2359"]
[Annotator "NA"]
[PlyCount "86"]
[EventDate "2018.??.??"]
[EventType "swiss"]
[EventCountry "UAE"]
[SourceTitle "playchess.com"]
[Source "ChessBase"]
[SourceQuality "1"]
[TimeControl "5400+30"]

1. e4 {[%emt 0:00:00]} e5 {[%emt 0:00:06]} 2. Nf3 {[%emt 0:00:00]} Nc6 {[%emt 0:00:08]} 3. d4 {[%emt 0:00:00]} exd4 {[%emt 0:00:11]} 4. Nxd4 {[%emt 0:00:00]} Nf6 {[%emt 0:00:13]} 5. Nxc6 {[%emt 0:00:00]} bxc6 {[%emt 0:00:15]} 6. e5 {[%emt 0:00:00]} Qe7 {[%emt 0:00:11]} 7. Qe2 {[%emt 0:00:00]} Nd5 {[%emt 0:00:15]} 8. c4 {[%emt 0:00:00]} Ba6 {[%emt 0:00:12]} 9. Nd2 {[%emt 0:00:06]} g6 {[%emt 0:00:48]} 10. Nf3 {[%emt 0:00:06] C45: Scotch Game} Qb4+ {[%emt 0:01:27]} 11. Kd1 {[%emt 0:00:06]} Bg7 {[%emt 0:02:17]} (11... Rb8 12. Qc2 Ne7 13. a3 Qb6 14. b4 c5 15. Bd3 cxb4 16. axb4 Bb7 17. b5 Bg7 {½-½ (30) Ponkratov,P (2613)-Svidler,P (2765) Riadh 2017}) 12. Qc2 {[%emt 0:01:58]} Nb6 {[%emt 0:02:50]} 13. Bd2 $146 {[%emt 0:03:29]} ({Predecessor:} 13. b3 O-O 14. Bb2 d5 15. cxd5 Bxf1 16. Rxf1 Rfd8 17. Ke2 Nxd5 {0-1 (37) Nestorovic,N (2464)-Blagojevic,D (2524) Skopje 2011}) 13... Qe7 {[%emt 0:02:06]} 14. Bg5 {[%emt 0:01:10]} Qe6 {[%emt 0:02:14]} 15. b3 {[%emt 0:01:03]} O-O {[%emt 0:04:51]} 16. Bd3 {[%emt 0:04:43]} d6 {[%emt 0:02:37]} 17. Re1 {[%emt 0:08:25]} dxe5 {[%emt 0:01:35]} 18. Re2 {[%emt 0:02:00]} Nd7 {[%emt 0:02:57]} 19. Ke1 {[%emt 0:02:23]} f5 {[%emt 0:02:52]} 20. Rd1 {[%emt 0:09:19]} e4 {[%emt 0:05:01]} 21. Bf4 {[%emt 0:03:35]} (21. Bxe4 {might work better.} fxe4 22. Rxe4) 21... Nc5 {[%emt 0:02:01]} 22. Ng5 {[%emt 0:03:38]} Qf6 {[%emt 0:02:42]} 23. Bxe4 $19 {[%emt 0:00:43]} Nxe4 {[%emt 0:01:52]} 24. Nxe4 {[%emt 0:00:15]} fxe4 {[%emt 0:00:04]} 25. Rxe4 {[%emt 0:00:02]} Bc8 {[%emt 0:02:26]} 26. Be5 {[%emt 0:01:17]} Qf7 {[%emt 0:01:32]} 27. Bxg7 {[%emt 0:00:07]} Qxg7 {[%emt 0:01:52]} 28. Qe2 {[%emt 0:00:05]} Bf5 {[%emt 0:01:44]} 29. Re7 {[%emt 0:00:16]} Qxe7 {[%emt 0:00:18]} 30. Qxe7 {[%emt 0:00:08]} Rfe8 {[%emt 0:00:13]} 31. Qxe8+ {[%emt 0:00:26]} Rxe8+ {[%emt 0:00:05]} 32. Kd2 {[%emt 0:00:15]} Rd8+ {[%emt 0:00:08]} 33. Ke2 {[%emt 0:00:05]} Rxd1 {[%emt 0:00:17]} 34. Kxd1 {[%emt 0:00:03]} c5 {[%emt 0:00:29]} 35. Kd2 {[%emt 0:00:04]} Kf7 {[%emt 0:03:07]} 36. Kc3 {[%emt 0:00:08]} Ke6 {[%emt 0:00:00]} 37. f4 {[%emt 0:00:35]} Be4 {[%emt 0:00:00]} 38. g3 {[%emt 0:00:12]} Kf5 {[%emt 0:00:00]} 39. b4 {[%emt 0:00:05]} cxb4+ {[%emt 0:00:00]} 40. Kxb4 {[%emt 0:00:02]} Kg4 {[%emt 0:00:00]} 41. Kb5 {[%emt 0:00:06]} Bb7 {[%emt 0:00:36]} 42. a4 {[%emt 0:00:21]} Kh3 {[%emt 0:00:09]} 43. a5 {[%emt 0:00:03]} h5 {[%emt 0:00:13]} 0-1